Teoría de la dependencia, teoría del imperialismo y conocimiento de la realidad social latinoamericana; versión preliminar

Wedi'i Gadw mewn:
Manylion Llyfryddiaeth
Prif Awdur: Pierre - Charles, Gérard
Fformat: Texto
Cyhoeddwyd: San José :
Tagiau: Ychwanegu Tag
Dim Tagiau, Byddwch y cyntaf i dagio'r cofnod hwn!

MARC

LEADER 00000 a a2200000 04500
001 17389
003
040
090 |a 003800  
100 |a Pierre - Charles, Gérard  
245 |a Teoría de la dependencia, teoría del imperialismo y conocimiento de la realidad social latinoamericana; versión preliminar  
260 |a San José :  
300 |a 35 p.  
999 |c 10707  |d 10707